Responses for Show #8365 - Friday, March 26, 2021

Champion's winnings & consolation amounts matched to HealthCorps.

Contestants

[<< previous game]

Paul Pompetti, a system administrator from Portsmouth, Rhode Island

Susan McMillan, an Arabic translator from Portland, Maine

Lisa O'Brien, a stay-at-home mom and community volunteer from Edina, Minnesota (whose 1-day cash winnings total $16,100)

[next game >>]

Jeopardy! Round responses

HISTORY
MOVIE ROLE, TV ROLE
DINOSAURS
CATHAY SOCIETY
GIMME THE NUMBERS!
"MONKEY" BUSINESS
    $200 21
Moscow

Triple Stumper
    $200 7
Will Smith

Paul
    $200 22
an herbivore

Lisa
    $200 30
Marco Polo

Paul
    $200 16
14

Susan
    $200 1
a barrel full of monkeys

Paul
    $400 5
Germany, Italy & Japan

Paul
    $400 6
Jane Fonda

Lisa
    $400 25
a thumb

Susan
    $400 27
Mandarins

Triple Stumper
    $400 17
30

Paul
    $400 11
a monkey's uncle

Paul
    $600 2
the Seminoles

Susan
    $600 8
Denzel Washington

Paul
    $600 26
a Triceratops

Paul
    $600 13
tofu

Susan
    $600 18
4

Susan
    $600 12
monkey bars

Susan
    $800 3
(Paul: What is the... Ottoman Empire?)
(Susan: What is the Holy Roman Empire?)

the Byzantine Empire

SusanPaul
Triple Stumper
    $800 9
Molly Ringwald

Lisa
    $800 28
Titanosaur

Paul
    $800 14
Canton

Susan
    $3,600 19
(Mehmet: 1790 had the original 13 colonies.)

37

Susan
    $800 23
a grease monkey

Paul
    $1000 4
the Middle Passage

Susan
    $1000 10
(Paul: Who is...)
(Lisa: Who is Forest Whitaker?)

Liev Schreiber

LisaPaul
Triple Stumper
    $1000 29
(Susan: What is an Ampelosaurus?)

Ankylosaurus

Susan
Triple Stumper
    $1000 15
bamboo

Paul
    $1000 20
93 million

Susan
    $1000 24
a monkey wrench

Paul

Scores at the first commercial break (after clue 15):

Lisa Susan Paul
$200 $2,800 $1,000

Scores at the end of the Jeopardy! Round:

Lisa Susan Paul
$400 $7,600 $4,800

Double Jeopardy! Round responses

FAREWELL TO THE AUTHOR
OPERA SETTINGS
MULTIPLE-CAPITAL COUNTRIES
THIS & THAT
NO DOUBT
ENTERTAINMENT ADD A LETTER
(Mehmet: Each response we're gonna require two titles.)
    $400 30
John Steinbeck

Paul
    $400 15
Aida

Lisa
    $400 9
Chile

Susan
    $400 1
(Susan: What is the NASDAQ?)

Standard & Poor's

LisaSusan
    $400 3
positive

Lisa
    $400 18
Frida & Friday

Susan
    $4,000 25
Hans Christian Andersen

Susan
    $800 14
La bohème

Susan
    $800 10
Amsterdam & The Hague

Susan
    $800 2
the Secret Service

Paul
    $800 4
Sure

Paul
    $800 24
Sin City & Spin City

Susan
    $1200 19
Edgar Allan Poe

Paul
    $1200 8
Carmen

Paul
    $1200 11
Yangon

Susan
    $1200 20
Scotch tape

Susan
    $1200 5
crystal clear

Susan
    $1200 26
Argo & Fargo

Lisa
    $1600 21
(Susan: Who is Tolstoy?)
(Lisa: Who is [Stammers]... Dostoyevsky?)
[Lisa's response was accepted as correct and the decision was reversed when the Daily Double was uncovered after the judges listened closely to the tape.]

Dostoevsky

LisaSusan
Triple Stumper
    $1600 7
Billy Budd

Susan
    $1600 12
La Paz

Susan
    $1600 22
the shin bone

Lisa
    $1600 16
inevitable

Triple Stumper
    $700 27
[Time's up]
(Lisa: What is [*]?)
(Mehmet: Though your response [*] was correct, it was after the time's up buzzer.)

Gigi & Gigli

Lisa
    $2000 29
Baldwin

Susan
    $2000 6
(Mehmet: We're looking for [*] in Charleston, South Carolina.)

Catfish Row

Triple Stumper
    $2000 13
(Paul: What is Pretoria?)

Bloemfontein

SusanPaul
    $2000 23
(Lisa: What is a Labrador?)

a Bernese

LisaPaul
    $2000 17
(Paul: What is preponderance?)

incontrovertible

Paul
Triple Stumper
    $2000 28
(Mehmet: I did not make that clue up, by the way.)
[Laughter]

O & Oz

Susan

Scores at the end of the Double Jeopardy! Round:

Lisa Susan Paul
$100 $25,600 $7,200
(lock game)

[wagering suggestions for these scores]

Final Jeopardy! Round responses

19th CENTURY AMERICANS
(Mehmet: [To Susan] [*] was a founder of the Sierra Club, instrumental in conservation in this country. Your--those trips to the national parks you've taken are paying off.)
LisaWho is Ansel Adams?
$100
PaulWho is Pike?
$6,999
SusanWho is Muir?
$10,000
(John) Muir

Final scores:

Lisa Susan Paul
$0 $35,600 $201
3rd place: $1,000 New champion: $35,600 2nd place: $2,000

Game dynamics:

Coryat scores:

Lisa Susan Paul
$800 $19,600 $7,200
8 R,
4 W
(including 1 DD)
24 R
(including 2 DDs),
4 W
18 R,
4 W

Combined Coryat: $27,600

[game clues] [game scores] [suggest correction]

Game tape date: 2021-02-01
The J! Archive is created by fans, for fans. Scraping, republication, monetization, and malicious use prohibited; this site may use cookies and collect identifying information. See terms. The Jeopardy! game show and all elements thereof, including but not limited to copyright and trademark thereto, are the property of Jeopardy Productions, Inc. and are protected under law. This website is not affiliated with, sponsored by, or operated by Jeopardy Productions, Inc. Join the discussion at JBoard.tv.